Trouve Les Capitales - Europe - Statistiques

Statistiques générales
  • Ce quiz a été pris 151 fois
    124 depuis la dernière actualisation
  • Le résultat moyen est 33 sur 45
Statistiques - réponses
Par images Réponse % Correct
Paris
100%
Madrid
92%
Athènes
91%
Berlin
91%
Berne
91%
Bruxelles
91%
Lisbonne
88%
Rome
88%
Oslo
87%
Bucarest
86%
Stockholm
86%
Kiev
84%
Londres
84%
Luxembourg
84%
Moscou
84%
Helsinki
82%
Vienne
81%
Dublin
80%
Vatican
80%
Copenhague
79%
Monaco
79%
Prague
79%
Amsterdam
77%
Saint-Marin
76%
Zaghreb
76%
Varsovie
75%
Reykjavik
71%
Andorre-la-vieille
70%
Budapest
70%
La Valette
68%
Sofia
64%
Tallinn
62%
Belgrade
60%
Riga
59%
Tirana
59%
Sarajevo
58%
Vilnius
58%
Ljubljana
56%
Bratislava
55%
Minsk
54%
Vaduz
50%
Skopje
48%
Chisinau
47%
Pristina
44%
Podgorica
42%
Aucun quiz correspondant
Distribution des résultats
% des personnes avec chaque résultat
Percentile par nombre de réponses
Votre historique - résultats
Vous n’avez pas pris ce quiz depuis la dernière actualisation